| 000 | 01355nam0a22003371 4500 | ||
|---|---|---|---|
| 001 | RU\INFOCOMM_327\NLR\5000012204 | ||
| 005 | 20250613103316.0 | ||
| 035 | _a(NLR Aleph) 009462833 | ||
| 090 |
_a8477782 _c8477782 |
||
| 100 | _a20121212d1968 |||y0rusy50 ca | ||
| 101 | 0 |
_aeng _drus _dfre |
|
| 102 | _aRU | ||
| 105 | _ay z ||||| | ||
| 200 | 1 |
_aFuel and energy resources and energy consumption in Finland _fBy Matti O. Koskinen ... |
|
| 210 |
_a[M. _d1968] |
||
| 215 |
_a24 с. _cил. _d21 см |
||
| 225 | 1 |
_aPaper _fVII World power conference, Москва 20-24 авг. 1968. Section A |
|
| 300 | _aБез тит. л. и обл. | ||
| 300 | _aНадзаголовок также на рус. яз.: VII Мировая энергетическая конференция; и на фр. яз.: VII Conférence mondiale de l'énergie | ||
| 300 | _aРезюме на фр. и рус. яз. | ||
| 309 | _aОтпеч. множит. аппаратом | ||
| 606 | 0 |
_aЭнергетические ресурсы _yФинляндия _92013005 _3RU\NLR\AUTH\661210808 |
|
| 620 | _aМосква | ||
| 686 |
_aЭ4-5105 _2rubbk |
||
| 700 | 1 |
_aKoskinen _bM. O. _gMatti O. |
|
| 712 | 1 | 2 |
_aWorld power conference _d7 _eMoscow _f1968 _4570 |
| 801 | 1 |
_aRU _bNLR _c20121212 |
|
| 801 | 0 |
_aRU _bINFOCOMM _gPSBO |
|
| 852 |
_aNLR _jЭк41 Д-4/45 |
||
| 942 | _cBOOK | ||
| 980 | _aNB | ||